000 00287nam a22001217a 4500
040 _cRUA
082 _a005 MCG 1997 C220 Or.
100 _a O'Leary, Timothy J.
245 _aMicrosoft Works 4.0 for Windows 95
260 _aPhnom penh
_brua
_c2002
300 _a580p.
_bill.
942 _cREC
999 _c21571
_d21571